El proceso de convertirse en persona
Guardat en:
| Autor principal: | |
|---|---|
| Format: | Llibre |
| Idioma: | espanyol |
| Publicat: |
Barcelona
Paidos
1972
|
| Edició: | 1a. ed |
| Col·lecció: | Biblioteca de Psiquiatría, Psicopatología y Psicosomática, 48
|
| Matèries: | |
| Etiquetes: |
Afegir etiqueta
Sense etiquetes, Sigues el primer a etiquetar aquest registre!
|
MARC
| LEADER | 00000nam a2200000 a 4500 | ||
|---|---|---|---|
| 001 | UCW3144 | ||
| 003 | CL-VaPUC | ||
| 008 | 880428e19720000SP |||||||||||||||||spa|d | ||
| 020 | |a 8475090575 | ||
| 082 | 0 | 4 | |a 616.8914 |b ROG |2 21 |
| 100 | 0 | |a Rogers, Carl |e author |9 307267 | |
| 245 | 1 | 3 | |a El proceso de convertirse en persona |
| 250 | |a 1a. ed | ||
| 300 | |a 356 p | ||
| 942 | |c BK | ||
| 945 | |d 19880428 00:00:00 |a rbrito | ||
| 260 | |a Barcelona |b Paidos |c 1972 | ||
| 650 | 7 | |a PSICOTERAPIA |2 CL-VaPUC |9 307282 | |
| 650 | 7 | |a SUGESTIOTERAPIA |2 CL-VaPUC |9 307283 | |
| 583 | |a last modification |c 20150331 03:46:58 |k Rodrigo Vera | ||
| 490 | 0 | |a Biblioteca de Psiquiatría, Psicopatología y Psicosomática, 48 | |
| 999 | |c 217319 |d 217317 | ||
| 952 | |0 0 |1 0 |4 0 |6 616_891400000000000_ROG_1972 |7 0 |8 P |9 204579 |a BIBEDU |b BIBEDU |c BIBEDU_PB |d 2019-11-15 |i 2722828 |o 616.8914 ROG 1972 |p 2722828 |r 2024-01-25 |w 2019-11-15 |y BK |k EDU | ||
| 952 | |0 0 |1 0 |4 0 |6 616_891400000000000_ROG_1972 |7 0 |8 P |9 204580 |a BIBEDU |b BIBEDU |c BIBEDU_PB |d 2019-11-15 |i 2722852 |o 616.8914 ROG 1972 |p 2722852 |r 2024-01-25 |w 2019-11-15 |y BK |k FIL | ||
| 952 | |0 0 |1 0 |4 0 |6 616_891400000000000_ROG_1972 |7 0 |8 R |9 204581 |a BIBGIM |b BIBGIM |d 2019-11-15 |i 2722879 |o 616.8914 ROG 1972 |p 2722879 |r 2025-01-15 |w 2019-11-15 |y BK_R |k SSL | ||
| 952 | |0 0 |1 0 |4 0 |6 616_891400000000000_ROG_1972 |7 0 |8 R |9 204582 |a BIBGIM |b BIBGIM |d 2019-11-15 |i 2722887 |o 616.8914 ROG 1972 |p 2722887 |r 2025-01-15 |w 2019-11-15 |y BK_R |k SSL | ||
| 952 | |0 0 |1 0 |4 0 |6 616_891400000000000_ROG_1972 |7 0 |8 R |9 204583 |a BIBGIM |b BIBGIM |d 2019-11-15 |i 2722895 |o 616.8914 ROG 1972 |p 2722895 |r 2025-01-15 |w 2019-11-15 |y BK_R |k SSL | ||
| 952 | |0 0 |1 0 |4 0 |6 616_891400000000000_ROG_1972 |7 0 |8 R |9 204584 |a BIBGIM |b BIBGIM |d 2019-11-15 |i 2722909 |o 616.8914 ROG 1972 |p 2722909 |r 2025-01-15 |w 2019-11-15 |y BK_R |k SSL | ||
| 952 | |0 0 |1 0 |4 0 |6 616_891400000000000_ROG_1972 |7 0 |8 R |9 204585 |a BIBGIM |b BIBGIM |d 2019-11-15 |i 3047903 |o 616.8914 ROG 1972 |p 3047903 |r 2025-01-15 |w 2019-11-15 |y BK_R |k SSL | ||